Statistiques concernant Paroles de 'Tous les cris les SOS' de Daniel Balavoine

Cliquez ici pour prendre le quiz!

Statistiques générales

  • Ce quiz a été pris 4 766 fois
  • Le résultat moyen est 287 sur 335

Statistiques - réponses

Paroles% Correct
le
99%
S.O.S.
99%
a
98%
à
98%
la
98%
les
98%
Les
98%
cris
97%
De
96%
de
96%
Un
96%
un
96%
Dans
95%
dans
95%
Je
95%
je
95%
me
95%
Tous
95%
tous
95%
Des
94%
des
94%
et
94%
Et
94%
te
94%
airs
91%
Comme
91%
comme
91%
avec
90%
mer
90%
Partent
90%
que
90%
qui
90%
une
90%
va
89%
vie
89%
beau
88%
cours
88%
raccroche
88%
bruit
87%
Pour
87%
détresse
86%
trace
86%
beauté
85%
En
85%
m’entourent
85%
mots
85%
Sans
85%
font
84%
jeter
84%
puis
84%
saoule
84%
vide
84%
dire
83%
espère
83%
j’envoie
83%
sur
83%
bouteilles
82%
comprendre
82%
Dont
82%
écrit
82%
écumes
82%
fou
82%
l’air
82%
Qu’on
82%
sens
82%
seul
82%
travers
82%
l’encre
81%
lire
81%
Mais
81%
rochers
81%
vagues
81%
verre
81%
vides
81%
laissent
80%
nouées
80%
pourra
80%
tresses
80%
l’eau,
79%
l’eau
79%
ramènent
79%
désert
78%
dessine
78%
leur
77%
lianes
77%
messages
77%
Pris
77%
vaisseau
77%
corps
76%
Tout
76%
stress
74%
au
73%
d’étoiles
73%
plus
72%
Disparaissent
71%
luttent
71%
pierres
70%
dernier
69%
espoir
69%
nous
69%
68%
peu
68%
Quand
68%
faire
67%
larmes
66%
secours
66%
sont
66%
ceux
65%
j’ai
65%
J’ai
65%
clair
64%
d’amour
64%
Il
64%
Reste
64%
y
64%
d’appeler
63%
Difficile
63%
morceaux
63%
bouts
62%
était
62%
monde
62%
rien
62%
tant
62%
ramassé
60%
recollé
60%
Contre
59%
drames
59%
passé
59%
Etouffent
57%
oppressent
57%
faiblesse
55%
héros
54%
changer
53%
faudrait
53%

Distribution des résultats

Percentile par nombre de réponses

% des personnes avec chaque résultat

Votre développement - résultats

Vous n’avez pas pris ce quiz